000 00745nam a22001817a 4500
005 20251108175532.0
008 250721s2004 xx 000 0 ara d
082 1 4 _aم/218.9/ياف
100 1 _aاليافعي، عفيف الدين ابو محمد عبدالله بن اسعد بن علي بن سليم
245 1 0 _aنشر المحاسن الغالية في فضل مشايخ الصوفية أصحاب المقامات العالية /
264 1 _aالقاهرة :
_bمكتبة الثقافة الدينية،
_c2004.
300 _a
650 1 7 _aالتصوف الاسلامي
650 1 7 _aالمتصوفون
700 1 _aعبدالله، عبدالناصر سعدي أحمد
_eمحقق
942 _2ddc
_cREF
999 _c136422
_d136422